000 00401nam a2200169Ia 4500
008 131103s9999 xx 000 0 und d
040 _aLoreto College
041 _aEnglish
082 _aREF/L
_bLCBED/7326
245 _aMusic
260 _aU.S.
_bUNESCO
_c1964
300 _a64p.
_b pic.
_c 26cm.
440 _aMan Through His Art; 2
650 _aMusic
850 _aLCBED/REF/SIL
942 _cBK
999 _c31101
_d81580